Dinosaures, hybrides et reptiles de l'univers Jurassic Park - Statistiques

Statistiques générales
  • Ce quiz a été pris 431 fois
    420 depuis la dernière actualisation
  • Le résultat moyen est 20 sur 49
Statistiques - réponses
Première apparition Espèce % Correct
Jurassic World Indominus Rex
83%
Jurassic Park III Spinosaure
83%
Jurassic Park Vélociraptor
83%
Jurassic World Fallen Kingdom Indoraptor
81%
Jurassic Park Tricératops
77%
Jurassic Park Brachiosaure
73%
Le Monde Perdu Jurassic Park Stégosaure
69%
Le Monde Perdu Jurassic Park Ptéranodon
68%
Jurassic World Mosasaure
65%
Jurassic World Fallen Kingdom Allosaure
62%
Jurassic Park III Ankylosaure
62%
Jurassic Park Gallimimus
57%
Jurassic Park Dilophosaure
56%
Jurassic World Le Monde d'Après Giganotosaure
54%
Jurassic World Fallen Kingdom Carnotaure
53%
Le Monde Perdu Jurassic Park Pachycéphalosaure
53%
Jurassic Park Parasaurolophus
53%
Jurassic Park Tyrannosaure Rex
52%
Jurassic World Fallen Kingdom Baryonyx
50%
Le Monde Perdu Jurassic Park Compsognathus
46%
Jurassic Word Apatosaure
45%
Jurassic World Dimorphodon
45%
Jurassic Park III Ceratosaure
43%
Jurassic World Le Monde d'Après Therizinosaure
42%
Jurassic World Le Monde d'Après Atrociraptor
39%
Jurassic World Le Monde d'Après Pyroraptor
37%
Jurassic World Le Monde d'Après Quetzalcoatlus
36%
Jurassic World Le Monde d'Après Dimétrodon
35%
Jurassic World La Colo du Crétacé Scorpios Rex
35%
Jurassic World Fallen Kingdom Stygimoloch
30%
Jurassic World Fallen Kingdom Sinocératops
29%
Jurassic World Le Monde d'Après Iguanodon
27%
Jurassic World La Théorie du Chaos Suchomimus
24%
Jurassic Park III Corythosaure
23%
Jurassic World Le Monde d'Après Oviraptor
22%
Jurassic World La Colo du Crétacé Kentrosaure
20%
Le Monde Perdu Jurassic Park Mamenchisaure
20%
Jurassic World Battle at Big Rock Nasutocératops
18%
Jurassic World La Colo du Crétacé Une Aventure Secrète Tarbosaure
17%
Jurassic World Le Monde d'Après Dreadnoughtus
13%
Jurassic World Le Monde d'Après Lystrosaure
13%
Jurassic World La Colo du Crétacé Monolophosaure
13%
Jurassic World Le Monde d'Après Moros intrepidus
11%
Jurassic World La Colo du Crétacé Spinocératops
11%
Jurassic World La Colo du Crétacé Ouranosaure
10%
Jurassic World La Colo du Crétacé Nothosaure
9%
Jurassic World La Théorie du Chaos Pachyrinosaure
8%
Jurassic World Le Monde d'Après Microceratus
7%
Jurassic World La Théorie du Chaos Becklespinax
6%
Aucun quiz correspondant
Distribution des résultats
% des personnes avec chaque résultat
Percentile par nombre de réponses
Votre historique - résultats
Vous n’avez pas pris ce quiz depuis la dernière actualisation